000 00787nmc a2200277 a 4500
003 AR-BaBNM
005 20251128205356.0
008 247019s1994 ||||||||||||||000 | spa||
020 _a84-7774-503-X
040 _cAR-BaBNM
100 1 _aJiménez Ortega, José
245 1 0 _aMétodo práctico de técnicas de estudio
_bprograma para la educación secundaria : guía para el profesor
260 _aMadrid
_bVisor
_c1994
300 0 _a291 p.
_bdiagr.
490 0 _aTextos
_vv. 3
650 4 _aMETODOS DE ESTUDIO
650 4 _aLECTURA RAPIDA
650 4 _aMEJORA DE LA LECTURA
650 4 _aMEMORIA
650 4 _aRESUMENES
653 0 _aPROCESO DE ENSENANZA-APRENDIZAJE
653 0 _aEDUCACION SECUNDARIA
653 0 _aCOMPRENSION LECTORA
942 _cBK
998 _cSILVI
999 _c11152
_d11152